| 000 | 01116nam a2200325 i 4500 | ||
|---|---|---|---|
| 001 | 195968 | ||
| 003 | ES-MaACL | ||
| 005 | 20260307063017.0 | ||
| 008 | 240804s2001 sp a|||| |||| 00| 0 spa d | ||
| 017 | _aM 31527-2001 | ||
| 020 | _a8485498984 | ||
| 040 | _cES-MaACL | ||
| 100 | 0 |
_aMenassa, Miguel Óscar, _d1940-2024 _eaut _980079 |
|
| 245 |
_aLlantos del exilio / _cMiguel Oscar Menassa. |
||
| 260 |
_aMadrid : _bEditorial Grupo Cero, _c2001. |
||
| 300 |
_a75 pág. : _c30 cm. |
||
| 336 |
_2rdacontent _aTexto |
||
| 337 |
_2rdamedia _asin mediación |
||
| 338 |
_2rdacarrier _avolumen |
||
| 490 | 1 | _aPoesía 2001 | |
| 655 | 7 |
_2tgfbne _9176539 _aPoesías |
|
| 655 | 7 |
_2tgfbne _aLibros ilustrados _9193653 |
|
| 830 | 0 |
_aPoesía 2001 _9240026 |
|
| 852 |
_aES-MaACL _bR.154489 _cDEPOJ _jN-9100 _hDonación: Miguel Oscar Menassa _xEncuadernación rústica _9204999 |
||
| 903 |
_aMenassa, Miguel Óscar, _d1940-2024 _ednr _980079 |
||
| 942 |
_cMONOGRAFIA _n0 |
||
| 999 |
_c195968 _d195968 |
||